Bolschewik
| Titel: | Bolschewik : Der ansteckende Schrecken der Revolution / Jan C. Behrends |
|---|---|
| Verfasser: | |
| In: |
Deutsch-polnische Erinnerungsorte ; 2. Geteilt, gemeinsam, (2014), Seite 583-597 alle Artikel anzeigen |
| Veröffentlicht: | 2014 |
| Umfang: | 1 Illustration |
| Format: | Aufsatz |
| Sprache: | Deutsch |
X
alg: 41768820
001A $03025:11-10-17
001B $01999:11-10-17 $t22:45:16.000
001C $03025:11-10-17 $t10:25:17.000
001D $03025:11-10-17
001U $0utf8
001X $00
002@ $0Aou
002C $aText $btxt $2rdacontent
002D $aohne Hilfsmittel zu benutzen $bn $2rdamedia
002E $aBand $bnc $2rdacarrier
003@ $0417688202
007A $0417688202 $aHEB
010@ $ager
010E $erda
011@ $a2014
021A $aBolschewik $dDer ansteckende Schrecken der Revolution $hJan C. Behrends
028A $BVerfasser $#Behrends, J. C. $#Behrends, Jan Claas $#Berends, Ja. K. $#Berends, Jan K. $4aut $7130502375 $8Behrends, Jan C.$Z1969- [Tp3] $9160668433
031A $h583-597 $j2014
034M $a1 Illustration
039B $aEnthalten in $8--Afu--. Deutsch-polnische Erinnerungsorte ; 2. Geteilt, gemeinsam. - Paderborn {[u.a.] : Schöningh, 2014. - 732 S.. - Ill.. - ISBN 978-3-506-77339-5 $x201400000000000417 $9299792242
044K $RMarxismus $RMarxismus-Leninismus $RSozialismus $RAntikommunismus $RKommunist $RAnarchokommunismus $#Communism $#Communisme $#Maoísmo $#Comunismo $#communism $#Kommunismus $#Kommunismus $74031892-8 $8Kommunismus [Ts1] $9085084646
044K $RUmsturz $RAufstand $RRevolutionäre Bewegung $#Revolutions $#Révolutions $#Rivoluzione $#Revolution $#Staatsumwälzung $#Revolutionen $74049680-6 $8Revolution [Ts1] $9085138479
045R $aGeschichte 1918-2003
lok: 41768820 78
exp: 41768820 78 1 #EPN
201B/01 $011-10-17 $t10:19:01.000
201C/01 $011-10-17
201U/01 $0utf8
203@/01 $01008341819
208@/01 $a11-10-17 $be
209A/01 $a/ $f000 $x00
209A/01 $ab*p $x01
220C/01 $apgar
244Z/01 $#Generalgouvernement Polen $#Polska $#Rzeczpospolita Polska $#Polska Rzeczpospolita Ludowa $#Poland $#Pologne $#République Polonaise $#Generalne Gubernatorstwo w Polsce $#Polish People's Republic $#Polska Rzeczpospolita Polen $#PRL $#RP $#Polen Generalgouvernement $#Polska Generalgouvernement $#Besetzte Polnische Gebiete $#Besetztes Gebiet in Polen $#Okupowane Polskie Obszary $#Obszary Okupowane w Polsce $#Volksrepublik Polen $#Polska Rosyjska $#Republic Polen $#Respublika Pol'ša $#Pol'skaja Narodnaja Respublika $#République de Pologne $#Polen Links der Weichsel $#Polska po Lewej Stronie Wisły $#Lenkija $#Polija $#Gubernija Carstva Pol'skago $#Republik Polen $74046496-9 $8--Tg1--Polen $x01 $9085129801
247C/01 $82080>Marburg/Lahn, Herder-Institut, Forschungsbibliothek, Bibliographieportal $9336309341
| LEADER | 00000caa a2200000 c 4500 | ||
|---|---|---|---|
| 001 | 417688202 | ||
| 003 | DE-603 | ||
| 005 | 20171011224516.0 | ||
| 007 | tu | ||
| 008 | 171011s2014 xx |||| | u00||u|ger c | ||
| 035 | |a (DE-599)HEB417688202 | ||
| 040 | |a DE-603 |b ger |c DE-603 |d DE-603 |e rda | ||
| 041 | |a ger | ||
| 100 | 1 | |a Behrends, Jan C. |d 1969- |e Verfasser |4 aut |0 (DE-603)160668433 |0 (DE-588)130502375 |2 gnd | |
| 245 | 0 | 0 | |a Bolschewik |b Der ansteckende Schrecken der Revolution |c Jan C. Behrends |
| 264 | 0 | |c 2014 | |
| 300 | |b 1 Illustration | ||
| 336 | |a Text |b txt |2 rdacontent | ||
| 337 | |a ohne Hilfsmittel zu benutzen |b n |2 rdamedia | ||
| 338 | |a Band |b nc |2 rdacarrier | ||
| 648 | 7 | |a Geschichte 1918-2003 |2 gnd | |
| 650 | 7 | |a Kommunismus |0 (DE-588)4031892-8 |0 (DE-603)085084646 |2 gnd | |
| 650 | 7 | |a Revolution |0 (DE-588)4049680-6 |0 (DE-603)085138479 |2 gnd | |
| 773 | 0 | 8 | |i Enthalten in |t Deutsch-polnische Erinnerungsorte ; 2. Geteilt, gemeinsam |d Paderborn [u.a.] : Schöningh, 2014 |h 732 S., Ill. |z 9783506773395 |g (2014), Seite 583-597 |w (DE-603)299792242 |
| 924 | 0 | |9 2080 |a (DE-603)1008341819 |b DE-2080 |c HES |d d |g / | |


